000 00421pam a2200157a 44500
008 230515b1996 xxu||||| |||| 00| 0 eng d
020 _aNULL
041 _aENG
082 _a618.978
100 _aCard K. taketoma j. s. hodding d. m. kuaus
245 _aLexl comps clinical reference library pediatric dosage hand book 3rded
250 _a0
260 _aNULL
_b"APHA, nd, "
_c1996
300 _a895
650 _aN.D.
999 _c521672
_d521672